[Event "SC Weiße Dame Ulm 1 - SC Weiler im Allgäu 1"]
[Site "Oberliga Württemberg 2017/2018"]
[Date "2017.10.08"]
[Round "2"]
[White "Smolny, Frieder"]
[Black "Henrichs, Thomas"]
[Result "0-1"]
[WhiteElo "2168"]
[BlackElo "2479"]
[Annotator ""]
[Source ""]
[Remark ""]

1.d4 Nf6 2.c4 e6 3.Nf3 d5 4.g3 Bb4+ 5.Bd2 Bd6 6.Nc3 O-O 7.Qc2
Nbd7 8.cxd5 exd5 9.Nb5 Nb6 10.Nxd6 Qxd6 11.Bf4 Qb4+ 12.Qc3 Qxc3+
13.bxc3 Bf5 14.Nd2 Rac8 15.h3 Rfe8 16.e3 Ne4 17.g4 Bg6 18.Rc1
c5 19.f3 Nxd2 20.Kxd2 c4 21.Be2 Na4 22.Bd1 Nb2 23.Bc2 Nd3 24.Rb1
Nxf4 25.exf4 Bxc2 26.Kxc2 Re2+ 27.Kd1 Rce8 28.a4 b6 29.Rc1 Rf2
30.Rc2 Rxf3 31.Re1 Rd3+ 32.Rd2 Rxd2+ 33.Kxd2 Rxe1 34.Kxe1 f5
35.g5 Kf7 36.h4 Kg6 0-1

[Event "SC Weiße Dame Ulm 1 - SC Weiler im Allgäu 1"]
[Site "Oberliga Württemberg 2017/2018"]
[Date "2017.10.08"]
[Round "2"]
[White "Balacek, Tadeas"]
[Black "Egle, Heiko"]
[Result "1-0"]
[WhiteElo "2291"]
[BlackElo "2164"]
[Annotator ""]
[Source ""]
[Remark ""]

1.d4 Nf6 2.c4 g6 3.g3 Bg7 4.Bg2 d5 5.cxd5 Nxd5 6.e4 Nb6 7.Ne2
c5 8.d5 e6 9.O-O exd5 10.exd5 O-O 11.Nec3 Bf5 12.g4 Bd7 13.Na3
Qh4 14.g5 Bh3 15.Qf3 Bxg2 16.Qxg2 N8d7 17.f4 f6 18.Nab5 fxg5
19.Qxg5 Qxg5+ 20.fxg5 Rxf1+ 21.Kxf1 Rf8+ 22.Kg2 a6 23.Nd6 Bd4
24.Nde4 Nc4 25.b3 Ne3+ 26.Bxe3 Bxe3 27.Rd1 Rf5 28.h4 Rf4 29.Kg3
Rf8 30.Ne2 Ne5 31.Nf6+ Kg7 32.d6 h6 33.d7 Rd8 34.Rd5 Nf7 35.Ng4
Bd4 36.gxh6+ Nxh6 37.Nxh6 Kxh6 38.Nxd4 cxd4 39.Kf4 Kg7 40.Ke5 1-0

[Event "SC Weiße Dame Ulm 1 - SC Weiler im Allgäu 1"]
[Site "Oberliga Württemberg 2017/2018"]
[Date "2017.10.08"]
[Round "2"]
[White "Weber, Franz-Josef"]
[Black "Hasenohr, Benedict"]
[Result "1-0"]
[WhiteElo "2047"]
[BlackElo "2301"]
[Annotator ""]
[Source ""]
[Remark ""]

1.e4 e6 2.d4 d5 3.e5 c5 4.c3 Nc6 5.Nf3 Qb6 6.a3 c4 7.Nbd2 Na5
8.g3 Bd7 9.h4 O-O-O 10.Bh3 f5 11.exf6 gxf6 12.O-O Bg7 13.Rb1
Ne7 14.Re1 Rhe8 15.b4 cxb3 16.Nxb3 f5 17.Bg5 Ba4 18.Nfd2 Rd7
19.Qh5 Rd6 20.Nc5 Qc6 21.Qf7 Bf8 22.Bf4 Bc2 23.Rbc1 e5 24.Bxe5
Bh6 25.Rxc2 Rg6 26.Nf3 b6 27.h5 1-0

[Event "SC Weiße Dame Ulm 1 - SC Weiler im Allgäu 1"]
[Site "Oberliga Württemberg 2017/2018"]
[Date "2017.10.08"]
[Round "2"]
[White "Soural, Jan"]
[Black "Mierzwa, Robert"]
[Result "1-0"]
[WhiteElo "2203"]
[BlackElo "1990"]
[Annotator ""]
[Source ""]
[Remark ""]

1.d4 Nf6 2.c4 g6 3.Nc3 d5 4.cxd5 Nxd5 5.e4 Nxc3 6.bxc3 Bg7 7.Qa4+
Nd7 8.Nf3 O-O 9.Bg5 h6 10.Be3 c5 11.Rc1 Qc7 12.Be2 e5 13.O-O
f5 14.Qc4+ Kh7 15.exf5 gxf5 16.dxe5 Nxe5 17.Qxc5 Qxc5 18.Bxc5
Re8 19.Rfe1 Bd7 20.Nxe5 Bxe5 21.Bh5 Re6 22.Bf7 Rf6 23.Bd5 Bf4
24.Bxb7 Bxc1 25.Bxa8 Bc6 26.Bd4 1-0

[Event "SC Weiße Dame Ulm 1 - SC Weiler im Allgäu 1"]
[Site "Oberliga Württemberg 2017/2018"]
[Date "2017.10.08"]
[Round "2"]
[White "Wolf, Rainer"]
[Black "Wunder, Fabian"]
[Result "0-1"]
[WhiteElo "2004"]
[BlackElo "2043"]
[Annotator ""]
[Source ""]
[Remark ""]

1.c4 f5 2.Nf3 Nf6 3.Nc3 e6 4.g3 d5 5.cxd5 exd5 6.Bg2 c6 7.e3
Bd6 8.Nd4 O-O 9.O-O Na6 10.d3 Nc7 11.a4 a5 12.Bd2 Na6 13.Na2
Bd7 14.Bc3 Kh8 15.Qf3 Ng4 16.h3 Ne5 17.Qd1 Nc5 18.b4 Nxa4 19.Bd2
axb4 20.Nxb4 c5 21.Nxd5 cxd4 22.exd4 Ng6 23.Qb3 Bc6 24.Rfb1 b5
25.Nf4 Qe8 26.Bxc6 Qxc6 27.Ne6 Rfe8 28.Ng5 h6 29.Nf7+ Kh7 30.Qxb5
Qxb5 31.Rxb5 Bc7 32.Rb7 Re7 33.d5 Rxf7 34.d6 Nc5 35.Rba7 Rc8
36.Rc1 Ne6 37.d4 Rd7 38.d5 Rxd6 39.dxe6 Rxd2 40.Kf1 Rd6 41.Rcxc7
Rxc7 42.Rxc7 Rxe6 43.Rf7 Ne7 44.Rf8 g6 45.Ra8 Kg7 46.Kg2 Nd5
47.Ra7+ Re7 48.Ra6 Nf6 49.Ra5 Rb7 50.Ra2 Rd7 51.Kf3 Ne4 52.Ke3
Ng5 53.f4 Re7+ 54.Kf2 Ne4+ 55.Kf3 Rc7 56.g4 Rc3+ 57.Ke2 Rxh3
58.Ra7+ Kf6 59.Ra6+ Kf7 60.Ra7+ Ke6 61.Ra6+ Nd6 62.gxf5+ gxf5
63.Kf2 Rh4 64.Kg3 Rg4+ 65.Kf3 h5 66.Ra1 h4 67.Re1+ Kf6 68.Rh1
Ne8 69.Ke3 Nc7 70.Rd1 Ne6 0-1

[Event "SC Weiße Dame Ulm 1 - SC Weiler im Allgäu 1"]
[Site "Oberliga Württemberg 2017/2018"]
[Date "2017.10.08"]
[Round "2"]
[White "Hosticka, Frantisek"]
[Black "Gebhardt, Uwe"]
[Result "1-0"]
[WhiteElo "2090"]
[BlackElo "1953"]
[Annotator ""]
[Source ""]
[Remark ""]

1.e4 g6 2.d4 Bg7 3.c3 d6 4.f4 Nf6 5.e5 dxe5 6.fxe5 Nd5 7.Bc4
O-O 8.Nf3 Nb6 9.Bb3 a5 10.a4 Na6 11.O-O c5 12.Ng5 c4 13.Bc2 Nc7
14.Nd2 Qe8 15.Qe2 h6 16.Nxc4 Nxa4 17.Rxa4 hxg5 18.Rxa5 Be6 19.Rxa8
Qxa8 20.Bxg5 Qa2 21.Bd3 Nd5 22.Ne3 Nxe3 23.Bxe3 Rd8 24.Bg5 Rd7
25.Qf2 Qd5 26.Be2 f5 27.exf6 exf6 28.Bxf6 Rf7 29.Qh4 g5 30.Bxg5
Rxf1+ 31.Bxf1 Qf5 32.Qf4 Qb1 33.Qc1 Qe4 34.Qe3 Qc6 35.Be2 b5
36.Bxb5 Qxb5 37.Qxe6+ Kh7 38.Bc1 Qd3 39.Qh3+ 1-0

[Event "SC Weiße Dame Ulm 1 - SC Weiler im Allgäu 1"]
[Site "Oberliga Württemberg 2017/2018"]
[Date "2017.10.08"]
[Round "2"]
[White "Lainburg, Viktor"]
[Black "Mira, Helene"]
[Result "1/2-1/2"]
[WhiteElo "1833"]
[BlackElo "2036"]
[Annotator ""]
[Source ""]
[Remark ""]

1.d4 d6 2.e4 Nf6 3.Nc3 c6 4.f4 Qa5 5.Bd3 e5 6.Nf3 Nbd7 7.Qe2
exd4 8.Nxd4 Nc5 9.Bd2 Nxd3+ 10.Qxd3 Qh5 11.Nde2 Be7 12.O-O-O
Ng4 13.Rdf1 Qc5 14.Qf3 f5 15.h3 Nf6 16.exf5 Bxf5 17.g4 Be6 18.f5
Bd5 19.Nxd5 Nxd5 20.Nc3 Nxc3 21.Bxc3 O-O 22.Kb1 Rae8 23.Rd1 d5
24.Rhe1 Bh4 25.Rxe8 Rxe8 26.a3 Qf2 27.Qxf2 Bxf2 28.Rf1 Re2 29.g5
d4 30.Bb4 b6 31.Bd6 d3 32.cxd3 Bd4 33.f6 Rxb2+ 34.Kc1 gxf6 35.gxf6
Kf7 36.Rf4 Bc3 37.Rc4 Bxf6 38.Rxc6 Rf2 39.Rc7+ Ke6 40.Bb4 a5
41.Be1 Rf1 42.Kd2 Be7 43.Rc6+ Kd7 44.Rxb6 Bxa3 45.Ke2 Rh1 46.Rh6
a4 47.Rxh7+ Kc6 48.Rh6+ Kb7 49.Rh4 Bd6 50.Rxa4 Rxh3 51.Bf2 Kc6 1/2-1/2

[Event "SK Schmiden/Cannstatt 1 - TG Biberach 1"]
[Site "Oberliga Württemberg 2017/2018"]
[Date "2017.10.22"]
[Round "3"]
[White "Sinz, Bernhard"]
[Black "Holzhäuer, Mathias"]
[Result "1/2-1/2"]
[WhiteElo "2364"]
[BlackElo "2222"]
[Annotator ""]
[Source ""]
[Remark ""]

1.e4 d5 2.exd5 Nf6 3.d4 Bg4 4.Bb5+ Nbd7 5.f3 Bf5 6.Nc3 a6 7.Ba4
b5 8.Bb3 Nb6 9.Nge2 Nfxd5 10.Nxd5 Nxd5 11.O-O g6 12.Ng3 Bc8 13.a4
b4 14.Ne4 Bg7 15.Re1 h6 16.a5 O-O 17.Qd3 e6 18.Nc5 c6 19.Bd2
Kh7 20.Kh1 Rb8 21.Bc4 Nc7 22.Bf4 Ra8 23.Be5 Nb5 24.Bxg7 Kxg7
25.c3 bxc3 26.bxc3 Qc7 27.Re5 Rd8 28.Qe3 Ra7 29.h4 Nd6 30.Bd3
Nf5 31.Qf2 Rd5 32.f4 Qd8 33.g3 h5 34.Be4 Rd6 35.Re1 Nh6 36.Bf3
Re7 37.Kg2 f6 38.R5e2 Qxa5 1/2-1/2

[Event "SK Schmiden/Cannstatt 1 - TG Biberach 1"]
[Site "Oberliga Württemberg 2017/2018"]
[Date "2017.10.22"]
[Round "3"]
[White "Kabisch, Thilo"]
[Black "Oberst, Thomas"]
[Result "1-0"]
[WhiteElo "2264"]
[BlackElo "2270"]
[Annotator ""]
[Source ""]
[Remark ""]

1.e4 c5 2.Nf3 Nc6 3.d4 cxd4 4.Nxd4 Nf6 5.Nc3 d6 6.Bc4 e6 7.a3
Be7 8.Ba2 O-O 9.Be3 Bd7 10.Qe2 Nxd4 11.Bxd4 Bc6 12.Rd1 Qa5 13.f3
d5 14.e5 Nd7 15.O-O Bc5 16.Qe3 Rfc8 17.f4 Bxd4 18.Rxd4 Qb6 19.Bb3
g6 20.Rf3 Nc5 21.f5 Nxb3 22.cxb3 exf5 23.b4 a6 24.Rxf5 Qc7 25.Rf2
Re8 26.Nxd5 Qxe5 27.Nf6+ Kh8 28.Rh4 Qxf6 29.Qxe8+ Rxe8 30.Rxf6
Kg7 31.Rhf4 Bd5 32.h4 h5 33.Rd6 Bc6 34.Kf2 Re5 35.b3 Re7 36.a4
Re5 37.Rd3 Re6 38.Rc3 Re7 39.Rc5 Kg8 40.b5 axb5 41.axb5 Be4 42.Rc8+
Kg7 43.b6 Bd5 44.Rc7 Re8 45.Rd4 Bc6 46.Rd6 Re4 47.Rdxc6 bxc6
48.b7 Rb4 49.Ke3 c5 50.Kd3 Kf6 51.Kc2 Ke6 52.Kc3 Kf6 53.Rxc5
Rxb7 54.b4 Ke6 55.b5 Kd6 56.Kb4 Rb8 57.Rc6+ Kd5 58.Rf6 Rb7 59.Ka5
Ke5 60.Rc6 Ra7+ 61.Kb6 Ra2 62.g3 Ra3 63.Rc5+ Ke6 64.Kc6 Rxg3
65.b6 Rb3 66.b7 Rxb7 67.Kxb7 f5 68.Kc6 f4 69.Rg5 Kf6 70.Kd5 f3
71.Rg3 Kf5 72.Rxf3+ Kg4 73.Rf6 g5 74.hxg5 Kxg5 75.Rf8 h4 76.Ke4
Kg4 77.Rg8+ Kh3 78.Kf3 Kh2 79.Rg4 h3 80.Rh4 1-0

[Event "SK Schmiden/Cannstatt 1 - TG Biberach 1"]
[Site "Oberliga Württemberg 2017/2018"]
[Date "2017.10.22"]
[Round "3"]
[White "Weiß, Oliver"]
[Black "Trachtmann, Mark"]
[Result "1/2-1/2"]
[WhiteElo "2236"]
[BlackElo "2282"]
[Annotator ""]
[Source ""]
[Remark ""]

1.d4 e6 2.Nf3 Nf6 3.Nbd2 d5 4.e3 c5 5.c3 Qb6 6.Bd3 Bd7 7.Qe2
a6 8.a4 Bc6 9.Ne5 Nbd7 10.f4 Bd6 11.Qf3 g6 12.g4 h5 13.gxh5 gxh5
14.Rg1 cxd4 15.a5 Qc7 16.exd4 Bf8 17.Qe2 Bh6 18.Ndf3 Nxe5 19.fxe5
Bxc1 20.Rxc1 Ne4 21.b4 Qe7 22.Bxe4 dxe4 23.Ng5 O-O-O 24.Qe3 1/2-1/2

[Event "SK Schmiden/Cannstatt 1 - TG Biberach 1"]
[Site "Oberliga Württemberg 2017/2018"]
[Date "2017.10.22"]
[Round "3"]
[White "Niklasch, Oliver"]
[Black "Schulze, Andreas"]
[Result "1/2-1/2"]
[WhiteElo "2238"]
[BlackElo "2195"]
[Annotator ""]
[Source ""]
[Remark ""]

1.c4 e5 2.Nc3 Nf6 3.g3 d5 4.cxd5 Nxd5 5.Bg2 Nb6 6.Nf3 Nc6 7.O-O
Be7 8.d3 Be6 9.a3 a5 10.Be3 Nd5 11.Nxd5 Bxd5 12.Qa4 O-O 13.Rac1
Bd6 14.Rfd1 Ne7 15.Bc5 Bc6 16.Qc2 h6 17.d4 e4 18.Ne5 f5 19.Nxc6
bxc6 20.f3 exf3 21.Bxf3 f4 22.Qe4 Qd7 23.Bxd6 Qxd6 24.Qe5 fxg3
25.Qxd6 cxd6 26.hxg3 Rab8 27.Rd2 Rb6 28.Rcc2 Rfb8 29.Kf2 g6 30.Rc4
Kg7 31.Ra4 Rb5 32.Rc2 R8b6 33.Rac4 d5 34.Rc5 Rxb2 35.Rxb2 Rxb2
36.Rxa5 Nf5 37.Ra7+ Kf8 38.Rc7 Nxd4 39.Ke3 Nxf3 40.exf3 Rb3+
41.Kf4 g5+ 42.Ke5 Re3+ 43.Kd4 Rxa3 44.Rxc6 Rxf3 45.Rxh6 Rxg3
46.Kxd5 Kg7 47.Ra6 Re3 48.Kd4 Re7 49.Kd3 Kf7 50.Rb6 Re8 51.Ra6
g4 52.Ra4 Rg8 53.Ke3 Kf6 54.Kf4 1/2-1/2

[Event "SK Schmiden/Cannstatt 1 - TG Biberach 1"]
[Site "Oberliga Württemberg 2017/2018"]
[Date "2017.10.22"]
[Round "3"]
[White "Sokratov, Stanislav"]
[Black "Krockenberger, Martin"]
[Result "1/2-1/2"]
[WhiteElo "2168"]
[BlackElo "2219"]
[Annotator ""]
[Source ""]
[Remark ""]

1.d4 Nf6 2.c4 g6 3.Nc3 Bg7 4.e4 d6 5.f3 O-O 6.Be3 c5 7.Nge2 Nc6
8.d5 Ne5 9.Ng3 e6 10.Be2 h5 11.O-O exd5 12.cxd5 a6 13.Rc1 b5
14.b3 Bd7 15.Qc2 Rc8 16.h3 b4 17.Nd1 Bb5 18.Nb2 Re8 19.Rfe1 Nh7
20.Nf1 Qf6 21.Nc4 Nxc4 22.Bxc4 Nf8 23.Qe2 Rb8 24.Nd2 Nd7 25.Rc2 1/2-1/2

[Event "SK Schmiden/Cannstatt 1 - TG Biberach 1"]
[Site "Oberliga Württemberg 2017/2018"]
[Date "2017.10.22"]
[Round "3"]
[White "Eisele, Steffen"]
[Black "Birkenmaier, Rainer"]
[Result "1/2-1/2"]
[WhiteElo "2252"]
[BlackElo "2094"]
[Annotator ""]
[Source ""]
[Remark ""]

1.e4 g6 2.d4 Bg7 3.Nc3 c6 4.Nf3 d5 5.h3 dxe4 6.Nxe4 Nf6 7.Nxf6+
exf6 8.Bc4 O-O 9.O-O Be6 10.Bxe6 fxe6 11.Bf4 Re8 12.Re1 Nd7 13.Qd3
Nb6 14.Rad1 Qd5 15.b3 Rad8 16.c4 Qd7 17.Qc2 Bf8 18.Bd2 Nc8 19.Ba5
b6 20.Bc3 Bg7 21.Rd2 Nd6 22.Qb2 Qf7 23.Rde2 Rc8 24.Kh1 Nb7 25.Nh2
c5 26.d5 exd5 27.cxd5 Rxe2 28.Rxe2 Qxd5 29.Ng4 Rf8 30.Qc1 Nd6
31.Qf4 Nf5 32.Rd2 1/2-1/2

[Event "SK Schmiden/Cannstatt 1 - TG Biberach 1"]
[Site "Oberliga Württemberg 2017/2018"]
[Date "2017.10.22"]
[Round "3"]
[White "Namyslo, Holger"]
[Black "Thoma, Christian"]
[Result "1/2-1/2"]
[WhiteElo "2202"]
[BlackElo "2177"]
[Annotator ""]
[Source ""]
[Remark ""]

1.e4 c5 2.Nf3 d6 3.d4 cxd4 4.Nxd4 Nf6 5.Nc3 a6 6.Be2 e5 7.Nf3
Be7 8.O-O O-O 9.Bg5 Nbd7 10.Re1 b5 11.Nd5 Nxd5 12.Qxd5 Rb8 13.Bxe7
Qxe7 14.Rad1 Rb6 15.Qd2 Nc5 16.Qe3 Qc7 17.c3 Na4 18.Rd2 Be6 19.a3
h6 20.Bd1 Nc5 21.Nh4 Rc6 22.Qg3 Qe7 23.Bc2 Qg5 24.Qxg5 hxg5 25.Nf5
Bxf5 26.exf5 Rb8 27.Red1 Rd8 28.f3 Kf8 29.Kf2 Ke7 30.Ke3 Rh8
31.g3 Rb6 32.Re2 Rh3 33.Rd5 {(=)} Rb8 34.Red2 Rh6 35.Rg2 Nd7
36.Rdd2 Nb6 37.Bb3 Nc4+ 38.Bxc4 bxc4 39.Rd5 Rb5 40.Ke4 Rh8 41.Rgd2
Rxd5 42.Kxd5 Rc8 43.Ke4 Rh8 1/2-1/2

[Event "SK Schmiden/Cannstatt 1 - TG Biberach 1"]
[Site "Oberliga Württemberg 2017/2018"]
[Date "2017.10.22"]
[Round "3"]
[White "Löhr, Markus"]
[Black "Müller, Daniel"]
[Result "1/2-1/2"]
[WhiteElo "2160"]
[BlackElo "2056"]
[Annotator ""]
[Source ""]
[Remark ""]

1.d4 Nf6 2.c4 c5 3.d5 e6 4.Nc3 exd5 5.cxd5 d6 6.Nf3 g6 7.g3 Bg7
8.Bg2 O-O 9.O-O Nbd7 10.Bf4 Qe7 11.h3 Nh5 12.Bg5 f6 13.Bd2 f5
14.Qc1 Ne5 15.Rb1 Bd7 16.b4 cxb4 17.Rxb4 b6 18.Nb5 Bxb5 19.Rxb5
Nxf3+ 20.Bxf3 Nf6 21.Re1 Rac8 22.Qb1 Rc4 23.Rb4 Rfc8 24.Rxc4
Rxc4 25.Rc1 Qc7 26.Bf4 Rxc1+ 27.Qxc1 Qxc1+ 28.Bxc1 Nd7 29.e4
fxe4 30.Bxe4 Kf7 31.Kf1 Bd4 32.Ke2 Nc5 33.Bc2 Kf6 34.f4 h5 35.Kf3
b5 36.Bd2 a6 37.g4 hxg4+ 38.hxg4 g5 39.fxg5+ Ke5 40.Bh7 Kxd5
41.Bg8+ Kc6 42.g6 Bg7 43.Ke2 d5 44.Bb4 d4 45.Bxc5 1/2-1/2

[Event "SG Schwäbisch Gmünd 1 - SK Bebenhausen 1"]
[Site "Oberliga Württemberg 2017/2018"]
[Date "2017.10.22"]
[Round "3"]
[White "Braun, Georg"]
[Black "Velicka, Petr"]
[Result "1/2-1/2"]
[WhiteElo "2297"]
[BlackElo "2403"]
[Annotator ""]
[Source ""]
[Remark ""]

1.c4 Nf6 2.Nf3 c6 3.Nc3 d5 4.e3 Bg4 5.Qb3 Qb6 6.Qxb6 axb6 7.cxd5
Bxf3 8.gxf3 Nxd5 9.Nxd5 cxd5 10.d4 Nc6 11.Bd2 e6 12.a3 Bd6 13.Rc1
{(=)} Ke7 14.Bd3 Rhc8 15.Ke2 Na5 16.Bxa5 bxa5 17.h3 h6 18.f4
Rxc1 19.Rxc1 g5 20.f5 e5 21.dxe5 Bxe5 22.a4 Kd6 23.b3 h5 24.Kf3
Rg8 25.Kg2 g4 26.Be2 Rg5 27.hxg4 hxg4 28.Bd3 Rg8 29.Be2 Rg5 30.Bd3
Rh5 31.Rh1 Rxh1 32.Kxh1 Kc5 33.Kg2 Kb4 34.Bb5 f6 35.f3 gxf3+
36.Kxf3 Kxb3 37.e4 d4 38.Ke2 Kc3 39.Bd3 Kb4 40.Bb5 Kc5 41.Kd3
Bh2 42.Be8 Bb8 43.Bb5 Be5 1/2-1/2

[Event "SG Schwäbisch Gmünd 1 - SK Bebenhausen 1"]
[Site "Oberliga Württemberg 2017/2018"]
[Date "2017.10.22"]
[Round "3"]
[White "Jurek, Josef"]
[Black "Bräuning, Rudolf Wilhelm"]
[Result "1/2-1/2"]
[WhiteElo "2265"]
[BlackElo "2290"]
[Annotator ""]
[Source ""]
[Remark ""]

1.Nf3 b5 2.d4 Nf6 3.Bg5 Ne4 4.Bh4 Bb7 5.e3 c5 6.c3 Qb6 7.Nbd2
Nxd2 8.Qxd2 e6 9.Bd3 Nc6 10.O-O Be7 11.Bxe7 Nxe7 12.Qe2 c4 13.Bc2
Ng6 14.e4 O-O 15.Rfe1 d6 16.b3 Rfc8 17.b4 a5 18.a3 axb4 19.axb4
Rxa1 20.Rxa1 Ra8 21.Qd1 Ra6 22.Qb1 Qa7 23.Rxa6 Qxa6 24.Qb2 Nf4
25.Nd2 e5 26.d5 f5 27.g3 Nh5 28.exf5 Nf6 29.Qb1 Bxd5 30.Ne4 Bxe4
31.Bxe4 d5 32.Bg2 d4 33.Qd1 Qd6 34.g4 h6 35.h4 d3 36.g5 hxg5
37.hxg5 Nh7 38.Qh5 d2 39.Bf3 e4 40.Qe8+ Nf8 41.Qxe4 d1Q+ 42.Bxd1
Qxd1+ 43.Kg2 Kf7 44.f4 Qd2+ 45.Kg1 Qxc3 46.Qd5+ Ke7 47.Qc5+ Ke8
48.Qc8+ Ke7 49.Qc5+ Ke8 50.Qc8+ Kf7 51.Qb7+ Ke8 1/2-1/2

[Event "SG Schwäbisch Gmünd 1 - SK Bebenhausen 1"]
[Site "Oberliga Württemberg 2017/2018"]
[Date "2017.10.22"]
[Round "3"]
[White "Carstens, Andreas"]
[Black "Havlikova, Kristyna"]
[Result "0-1"]
[WhiteElo "2231"]
[BlackElo "2278"]
[Annotator ""]
[Source ""]
[Remark ""]

1.e4 c5 2.Nf3 Nc6 3.d4 cxd4 4.Nxd4 Nf6 5.Nc3 d6 6.Bg5 e6 7.Qd2
a6 8.O-O-O Bd7 9.f4 b5 10.Nxc6 Bxc6 11.Bd3 Be7 12.Rhe1 h6 13.Bxf6
Bxf6 14.Nd5 O-O 15.Nxf6+ Qxf6 16.e5 dxe5 17.Rxe5 Bxg2 18.Rg1
Bh3 19.Qe3 Bf5 20.Bxf5 exf5 21.Qh3 Rfe8 22.Rxf5 Qe6 23.b3 Rac8
24.Qg3 Rxc2+ 25.Kb1 Rg2 26.Rxg2 Qxf5+ 27.Kb2 g6 28.Rd2 Qf6+ 29.Qc3
Qxf4 30.a3 Kh7 31.Rc2 Re6 32.Qc8 Qf6+ 33.Ka2 Re1 34.Rc3 Qf2+
35.Rc2 Qd4 36.Qc3 Qxc3 37.Rxc3 Re2+ 38.Kb1 Rxh2 39.Rc6 g5 40.Rxa6
g4 41.Rf6 g3 42.Rxf7+ Kg6 43.Rf3 g2 0-1

[Event "SG Schwäbisch Gmünd 1 - SK Bebenhausen 1"]
[Site "Oberliga Württemberg 2017/2018"]
[Date "2017.10.22"]
[Round "3"]
[White "Weiss, Andreas"]
[Black "Latzke, Boris"]
[Result "1-0"]
[WhiteElo "2165"]
[BlackElo "2193"]
[Annotator ""]
[Source ""]
[Remark ""]

1.e4 e5 2.Nf3 Nc6 3.Bb5 a6 4.Bxc6 dxc6 5.O-O Ne7 6.d4 exd4 7.Nxd4
c5 8.Ne2 Qxd1 9.Rxd1 Bd7 10.Bf4 O-O-O 11.Nbc3 Re8 12.Rd2 Ng6
13.Bg3 Be7 14.Nd5 Bd8 15.Rad1 Bc6 16.f3 Rhf8 17.c4 f5 18.exf5
Rxf5 19.Nec3 b6 20.b3 Rff8 21.Re2 Rxe2 22.Nxe2 Bd7 23.Nec3 Nh4
24.Be5 Re8 25.Bg3 Nf5 26.Ne4 Nxg3 27.hxg3 Re5 28.g4 Re6 29.Nf4
Re7 30.Nd5 Re6 31.Nf4 Re7 32.Nd5 Re8 33.g3 Rf8 34.Kg2 Be6 35.Rd2
Bf7 36.Nf4 Be7 37.Nd3 Bd8 38.Nf4 Be8 39.Nd5 Bg6 40.Re2 Kd7 41.Nf4
Bf7 42.Nh5 Rg8 43.Rd2+ Kc8 44.Nf4 Be7 45.Nd5 Re8 46.Nxe7+ Rxe7
47.Kf2 a5 48.Ng5 Bg6 49.f4 h6 50.Nf3 Be8 51.Ne5 a4 52.Kf3 axb3
53.axb3 Re6 54.Ke4 Bc6+ 55.Kd3 Rd6+ 56.Ke3 Rxd2 57.Kxd2 Be4 58.Nd3
Bf3 59.Ne5 Be4 60.Nd3 Kd8 61.Ke3 Bb7 {(=)} 62.f5 Ke7 63.Nf4 Kf6
64.Ne6 Bc8 65.Nxc7 h5 66.Nd5+ Ke5 67.Nxb6 Bb7 68.Nd7+ Kd6 69.f6
gxf6 70.gxh5 Ke7 71.Nxc5 Bc8 72.Kf4 1-0

[Event "SG Schwäbisch Gmünd 1 - SK Bebenhausen 1"]
[Site "Oberliga Württemberg 2017/2018"]
[Date "2017.10.22"]
[Round "3"]
[White "Khadempour, Farhad"]
[Black "Denisow, Jewgeny"]
[Result "1-0"]
[WhiteElo "2141"]
[BlackElo "2136"]
[Annotator ""]
[Source ""]
[Remark ""]

1.e4 e5 2.Nf3 Nc6 3.Bb5 Nd4 4.Nxd4 exd4 5.O-O Bc5 6.d3 Ne7 7.Qh5
Bb6 8.f4 c6 9.Ba4 d5 10.f5 dxe4 11.Bb3 Rf8 12.f6 gxf6 13.Bh6
Ng6 14.Bxf8 Kxf8 15.Qxh7 Qe7 16.Nd2 e3 17.Ne4 f5 18.Ng5 1-0

[Event "SG Schwäbisch Gmünd 1 - SK Bebenhausen 1"]
[Site "Oberliga Württemberg 2017/2018"]
[Date "2017.10.22"]
[Round "3"]
[White "Hönick, Andreas"]
[Black "Roth, Jürgen Eugen"]
[Result "1-0"]
[WhiteElo "2058"]
[BlackElo "2099"]
[Annotator ""]
[Source ""]
[Remark ""]

1.d4 f5 2.Bg5 Nf6 3.Bxf6 exf6 4.e3 d5 5.c4 Bb4+ 6.Nc3 O-O 7.Qb3
Bxc3+ 8.bxc3 Re8 9.cxd5 f4 10.Bb5 Bd7 11.Nf3 fxe3 12.O-O Bxb5
13.Qxb5 Nd7 14.Rfe1 exf2+ 15.Kxf2 Nb6 16.c4 a6 17.Qb3 Rxe1 18.Rxe1
Kh8 19.Qb4 a5 20.Qc5 Nc8 21.Qxc7 Nd6 22.Qxd8+ Rxd8 23.c5 Nc8
24.d6 1-0

[Event "SG Schwäbisch Gmünd 1 - SK Bebenhausen 1"]
[Site "Oberliga Württemberg 2017/2018"]
[Date "2017.10.22"]
[Round "3"]
[White "Kitzberger, Joachim"]
[Black "Reindl, Arno"]
[Result "1/2-1/2"]
[WhiteElo "2046"]
[BlackElo "2003"]
[Annotator ""]
[Source ""]
[Remark ""]

1.c4 e5 2.d3 d6 3.g3 f5 4.Bg2 Nf6 5.Nc3 g6 6.Bg5 Bg7 7.Qd2 h6
8.Bxf6 Qxf6 9.e4 c6 10.Nge2 O-O 11.f4 Na6 12.O-O Qe7 13.Rae1
Be6 14.Kh1 Qd7 15.b3 d5 16.exd5 cxd5 17.Nxd5 Bxd5 18.Bxd5+ Kh7
19.fxe5 Bxe5 20.Nf4 Bxf4 21.Rxf4 Rae8 22.Rff1 b6 23.Bf3 Rd8 24.Re3
Rf7 25.Bd5 Rg7 26.Rfe1 Nc7 27.Bg2 Na6 28.Qe2 Qd4 29.Bf1 Nc5 30.Qf3
Qb2 31.Qg2 Qc3 32.Rd1 Qd4 33.Qe2 Ne4 34.Re1 Nc5 35.Kg2 Rdd7 36.h3 1/2-1/2

[Event "SG Schwäbisch Gmünd 1 - SK Bebenhausen 1"]
[Site "Oberliga Württemberg 2017/2018"]
[Date "2017.10.22"]
[Round "3"]
[White "Held, Paul"]
[Black "Knörzer, Michael"]
[Result "1-0"]
[WhiteElo "2128"]
[BlackElo "2060"]
[Annotator ""]
[Source ""]
[Remark ""]

1.e4 d5 2.exd5 Qxd5 3.Nc3 Qa5 4.g3 Nf6 5.Bg2 c6 6.Nf3 Bf5 7.b4
Qxb4 8.Rb1 Qc5 9.Rxb7 e6 10.O-O Bd6 11.Rb3 Qc4 12.d3 Qa6 13.Nd4
Bg4 14.Qe1 O-O 15.h3 Bh5 16.Ndb5 cxb5 17.Bxa8 b4 18.Ne4 Nxe4
19.Qxe4 Qxa2 20.Bb2 Qa6 21.Ra1 Qb6 22.Qd4 Qxd4 23.Bxd4 a6 24.Bb7
e5 25.Be3 f5 26.Bd5+ Kh8 27.Bd2 Rc8 28.Bxb4 1-0

[Event "SV Stuttgart-Wolfbusch 1 - Stuttgarter SF 1"]
[Site "Oberliga Württemberg 2017/2018"]
[Date "2017.10.22"]
[Round "3"]
[White "Kvetny, Mark"]
[Black "Häcker, Alexander"]
[Result "1-0"]
[WhiteElo "2385"]
[BlackElo "2222"]
[Annotator ""]
[Source ""]
[Remark ""]

1.c4 Nf6 2.Nf3 e6 3.Nc3 d5 4.e3 Be7 5.b3 O-O 6.Bb2 b6 7.cxd5
Nxd5 8.Qc2 Nxc3 9.dxc3 Bb7 10.Bd3 h6 11.O-O-O Qc8 12.h4 Rd8 13.Bh7+
Kf8 14.Be4 Nd7 15.Bxb7 Qxb7 16.Qh7 Bf6 17.Rd2 Ke7 18.c4 Rh8 19.Qc2
Rad8 20.Rhd1 Qa8 21.e4 Bxb2+ 22.Qxb2 f6 23.e5 f5 24.Nd4 Nc5 25.f3
a5 26.Qc3 Na6 27.Nxf5+ exf5 28.e6 Rxd2 29.Qxg7+ Kd6 30.Qd7+ Ke5
31.Re1+ Kf4 32.Qxd2+ Kg3 33.Re3 Rg8 34.Qe1+ Kf4 35.e7 Nc5 36.e8Q
Nd3+ 37.Rxd3 Rxe8 38.g3# 1-0

[Event "SV Stuttgart-Wolfbusch 1 - Stuttgarter SF 1"]
[Site "Oberliga Württemberg 2017/2018"]
[Date "2017.10.22"]
[Round "3"]
[White "Ruf, Matthias"]
[Black "Neyman, Igor"]
[Result "1/2-1/2"]
[WhiteElo "2333"]
[BlackElo "2276"]
[Annotator ""]
[Source ""]
[Remark ""]

1.g3 {Nachträglich wurde die Partie +:- gewertet, da Schwarz zu spät gekommen sein soll.}
d5 2.Nf3 Nf6 3.Bg2 c6 4.d3 Bg4 5.Nbd2 Nbd7 6.h3 Bh5 7.c4 e6 8.a3
a5 9.b3 Bd6 10.Bb2 O-O 11.g4 Bg6 12.Nh4 Qe7 13.Qc2 Rfc8 14.Nxg6
hxg6 15.O-O e5 16.e3 Nf8 17.Rfc1 Qe6 18.Qd1 g5 19.Nf3 N6h7 20.cxd5
cxd5 21.Rxc8 Rxc8 22.Rc1 Ng6 23.Rxc8+ Qxc8 24.Qc1 Qxc1+ 25.Bxc1
Ne7 26.Bb2 f6 27.Nd2 Nf8 28.Kf1 Kf7 29.Ke2 Ke6 30.Nb1 Nd7 31.Kd2
Nb8 32.Nc3 Nbc6 33.Nb5 Bb8 34.Bc3 b6 35.Kc2 Nc8 36.Bd2 N6a7 37.Nc3
Ne7 38.b4 axb4 39.axb4 Kd6 40.Kb3 b5 41.f4 gxf4 42.exf4 Kc6 43.f5
Nac8 44.h4 Nd6 45.Be3 Nf7 46.Ne2 Kd7 47.Bf2 Nh6 48.Bh3 d4 49.Ng3
Ke8 50.g5 fxg5 51.hxg5 Nf7 52.Ne4 Nd6 53.Ng3 Nf7 54.Ne4 Nd6 55.Ng3 1/2-1/2

[Event "SV Stuttgart-Wolfbusch 1 - Stuttgarter SF 1"]
[Site "Oberliga Württemberg 2017/2018"]
[Date "2017.10.22"]
[Round "3"]
[White "Tuncer, Ufuk"]
[Black "Ludwig, Sebastian"]
[Result "1-0"]
[WhiteElo "2285"]
[BlackElo "2069"]
[Annotator ""]
[Source ""]
[Remark ""]

1.Nf3 e6 2.g3 Nf6 3.Bg2 d5 4.O-O Be7 5.c4 dxc4 6.Qa4+ Bd7 7.Qxc4
c5 8.Ne5 Nc6 9.Nxc6 Bxc6 10.Bxc6+ bxc6 11.d3 Rb8 12.Nd2 Qd5 13.Qc2
h5 14.h4 g5 15.e4 Qd7 16.hxg5 Ng4 17.Nc4 Rg8 18.Bf4 e5 19.Nxe5
Nxe5 20.Bxe5 Rd8 21.Kg2 h4 22.gxh4 f6 23.Bg3 fxg5 24.h5 Qg4 25.Qd1
Qe6 26.Qe2 g4 27.Rh1 c4 28.dxc4 Rd4 29.b3 Rxe4 30.Qd2 Re2 31.Qd3
Kf8 32.Kf1 Re4 33.Rd1 Bg5 34.Qd6+ Kf7 35.h6 Rh8 36.h7 Kg6 37.Qxe6+
Rxe6 38.Rd7 a5 39.Ra7 Bd2 40.Kg2 Bc3 41.Rh4 Kf5 42.Rf7+ Bf6 43.Rh1
Kg6 44.Rd7 Be7 45.Bf4 Re2 46.Be3 1-0

[Event "SV Stuttgart-Wolfbusch 1 - Stuttgarter SF 1"]
[Site "Oberliga Württemberg 2017/2018"]
[Date "2017.10.22"]
[Round "3"]
[White "Smolka, Alexander"]
[Black "Strunski, Andreas"]
[Result "1-0"]
[WhiteElo "2097"]
[BlackElo "2229"]
[Annotator ""]
[Source ""]
[Remark ""]

1.e4 c5 2.Nf3 e6 3.g3 Nc6 4.Bg2 Nge7 5.O-O e5 6.c3 d6 7.h3 g6
8.d4 Bg7 9.dxc5 dxc5 10.Qe2 O-O 11.Na3 Qc7 12.Rd1 a6 13.Be3 b6
14.Nc4 a5 15.a4 Ba6 16.Bf1 f5 17.Ng5 Rf6 18.exf5 gxf5 19.Qc2
Kh8 20.f4 Ng6 21.Nxe5 Ncxe5 22.Bxa6 Rxa6 23.fxe5 Nxe5 24.Bf4
Ra8 25.Rd5 Re8 26.Re1 Rff8 27.Qe2 h6 28.Qh5 Kg8 29.Bxe5 hxg5
30.Bxc7 Rxe1+ 31.Kf2 Rfe8 32.Rd8 1-0